000 00329nam a22001217a 4500
008 230606b xxu||||| |||| 00| 0 eng d
020 _a9788573657364
082 _a342.481
_bBRA
_23, 2010
245 _aConstitution Of the Federative Republic Of Brazil
_cBrazil
260 _aBrazil
_bBrazil
_c2010
300 _a435 p
942 _2ddc
_cBK
999 _c559
_d559